Game-theory based capacity optimization of HetNets (Record no. 328942)
[ view plain ]
| 000 -LEADER | |
|---|---|
| fixed length control field | 00504nam a2200145 4500 |
| 082 ## - DEWEY DECIMAL CLASSIFICATION NUMBER | |
| Classification number | MSEE-6 MUN |
| 100 ## - MAIN ENTRY--PERSONAL NAME | |
| Personal name | Hamnah Munir |
| 245 ## - TITLE STATEMENT | |
| Title | Game-theory based capacity optimization of HetNets |
| 260 ## - PUBLICATION, DISTRIBUTION, ETC. | |
| Place of publication, distribution, etc. | Islamabad |
| Name of publisher, distributor, etc. | NUST-SEECS |
| Date of publication, distribution, etc. | 2016 |
| 300 ## - PHYSICAL DESCRIPTION | |
| Extent | 64p. |
| Accompanying material | CD Includes |
| 856 ## - Uniform Resource Identifier | |
| Uniform Resource Identifier | <a href="http://10.250.8.41:8080/xmlui/handle/123456789/8844">http://10.250.8.41:8080/xmlui/handle/123456789/8844</a> |
| 942 ## - ADDED ENTRY ELEMENTS (KOHA) | |
| Source of classification or shelving scheme | |
| Koha item type | Thesis |
| Withdrawn status | Lost status | Source of classification or shelving scheme | Damaged status | Not for loan | Collection code | Permanent Location | Current Location | Shelving location | Date acquired | Source of acquisition | Total Checkouts | Full call number | Barcode | Date last seen | Price effective from | Koha item type |
|---|---|---|---|---|---|---|---|---|---|---|---|---|---|---|---|---|
| Central Library (CL) | Central Library (CL) | General Stacks | 04/19/2017 | NUST-SEECS | MSEE-6 MUN | SEECSP02031 | 04/19/2017 | 04/19/2017 | Thesis | |||||||
| Central Library (CL) | Central Library (CL) | Thesis | 10/04/2019 | 621.3 | CL-T-3749 | 10/04/2019 | 10/04/2019 | Thesis | ||||||||
| Central Library (CL) | Central Library (CL) | Thesis | 11/08/2019 | 621.3MSEE-6 MUN | CL-T-4028 | 11/08/2019 | 11/08/2019 | Thesis |
